000 01498nam a22003737a 4500
003 CHAP
005 20220329143247.0
008 071026s2007 mx r 00010 spa d
010 _a94104
011 _a95076
035 _a105680
040 _cCHAP
090 _aTesis
100 1 _aValle Mendoza, Juan Carlos
_9117599
245 1 0 _aDiagnóstico y manejo de enfermedades fungosas que atacan al trigo (Triticum aestivum L.) en la comunidad de Xacañi y el Valle de Yanhuitlan, Oaxaca
_c/por Juan Carlos Valle Mendoza
260 _aChapingo, Méx. :
_bEl autor,
_c2007
300 _a49 h. :
_bilus. ; gráfs. ; cuadros
502 _aTesis (Ing. Agr. Esp. en Parasitología Agrícola) -- UACH. Departamento de Parasitología Agrícola
530 _aTambién disponible en línea
590 _aALEPH
_b10
_c20130110
_lUCH01
_h1520
590 _aBATCH-UPD
_b10
_c20130110
_lUCH01
_h1413
590 _aBATCH-UPD
_b10
_c20140324
_lUCH01
_h1504
590 _aBATCH-UPD
_b10
_c20141002
_lUCH01
_h0835
590 _aCONVERSION
_b10
_c20130109
_lUCH01
_h1352
650 1 4 _aTrigo
_xEnfermedades por hongos.
_9115018
650 1 4 _aTrigo
_xEnfermedades.
_9115017
650 1 4 _aTrigo
_xRendimiento.
_9115092
856 _3Finding aid
_uhttp://10.13.5.2/tesis/105680.pdf
_zTeclea aqui
901 _aBK
905 _aElisama A. H.
942 _cFOLL
949 _aTesis
_bBC
_cTES
_d33724002034892
_eTS1
_gDonaciØn
_h47088
_i105680
_sb
949 _aTesis
_bBC
_cTES
_d33724002034934
_eTS2
_fc.2
_gDonaciØn
_h47089
_i105680
_sb
999 _c94104
_d94104